LIBRARY & INFORMATION CENTRE, KCAET, TAVANUR

ONLINE PUBLIC ACCESS CATALOGUE (OPAC)

Adhyeham / (Record no. 12888)

MARC details
000 -LEADER
fixed length control field 00371cam a2200169ua 4500
041 ## - LANGUAGE CODE
Language code of text/sound track or separate title mal
082 ## - DEWEY DECIMAL CLASSIFICATION NUMBER
Classification number 894.812301
Item number VAD/AD
100 ## - MAIN ENTRY--AUTHOR NAME
Personal name Vaduthala, T K C .
245 ## - TITLE STATEMENT
Title Adhyeham /
250 ## - EDITION STATEMENT
Edition statement 1 /
300 ## - PHYSICAL DESCRIPTION
Number of Pages 87 ; .
942 ## - ADDED ENTRY ELEMENTS (KOHA)
Koha item type Books
Holdings
Withdrawn status Lost status Damaged status Home library Current library Date acquired Full call number Accession Number Koha item type
Withdrawn     KAUAET KAUAET 07/04/2012 894.812301 12671 Books
free website counter